000 00752nam a2200217 i 4500
001 157525
003 ES-MaACL
005 20250828143956.0
008 971126s1808 sp |||| | spa d
040 _aCCPB
_bspa
_cCCPB
100 1 _aLeón, Luis de,
_d1527-1591
_971583
245 1 0 _aPoesías del Mtro. Fr. Luis de León /
_cpor Don Ramón Fernández.
260 _aMadrid :
_bImp. Real,
_c1808.
300 _a356 p. ;
_c17 cm.
490 1 _aPoesías castellanas ;
_v10
594 _aRamón Fernández es seudónimo de Pedro Estala.
700 1 _aEstala, Pedro,
_d1757-1815
_948003
830 0 _aPoesías castellanas ;
_v10
_9221798
852 _aES-MaACL
_jR-3104-12
_xOlim:G-13256-64
_z-- Enc. hol.
999 _c157525
_d157525